| 000 | 00453nam a2200181Ia 4500 | ||
|---|---|---|---|
| 001 | 1350 | ||
| 005 | 20260306143722.0 | ||
| 008 | 260306t1998||||xx |||||||||||||| ||spa|| | ||
| 041 | _aESP | ||
| 082 |
_a196.1 _bF75 |
||
| 100 |
_aForment, Eudaldo _eAUT |
||
| 245 | 0 | _aHistoria de la filosofía tomista en la España contemporánea | |
| 260 | _c1998 | ||
| 300 |
_a502 páginas : _c23 cm. |
||
| 650 | _aGEN | ||
| 654 | _aCHU | ||
| 942 |
_cLIB _dJUS _fJUS _2ddc _n |
||
| 999 |
_c1350 _d1350 |
||